The evolution of mechanics
Αποθηκεύτηκε σε:
| Κύριος συγγραφέας: | |
|---|---|
| Μορφή: | Βιβλίο |
| Γλώσσα: | English French |
| Δημοσίευση: |
Alphen aan den Rijn ; Germantown, Md. :
Sijthoff & Noordhoff,
1980.
|
| Σειρά: | Monographs and textbooks on mechanics of solids and fluids. Mechanics: Genesis and method
|
| Θέματα: | |
| Ετικέτες: |
Προσθήκη ετικέτας
Δεν υπάρχουν, Καταχωρήστε ετικέτα πρώτοι!
|
MARC
| LEADER | 00000cam a2200000 i 4500 | ||
|---|---|---|---|
| 001 | 1/9586 | ||
| 008 | 000822s1980 sz | ||| |||| ||eng|| | ||
| 020 | |a 96028606882 | ||
| 035 | |l 10063117 | ||
| 040 | |a GR-MyUA |b gre |e AACR2 | ||
| 041 | 1 | |a eng |h fre | |
| 082 | 0 | |a 531.09 | |
| 100 | 0 | |a Duhem, Pierre Maurice Marie |d 1861-1916. | |
| 245 | 1 | 4 | |a The evolution of mechanics / |c Pierre-Marie-Maurice Duhem ; introduction by G. AE. Oravas ; translated by Mi9chael Cole. |
| 260 | |a Alphen aan den Rijn ; |a Germantown, Md. : |b Sijthoff & Noordhoff, |c 1980. | ||
| 300 | |a xli, 194 σ. ; |c 24 εκ. | ||
| 490 | 1 | |a (Monographs and textbooks on mechanics of solids and fluids. Mechanics: Genesis and method) | |
| 500 | |a Τίτλος πρωτοτύπου: Evolution de la m canique. | ||
| 504 | |a Περιέχει βιβλιογραφικές αναφορές και ευρετήριο. | ||
| 650 | 0 | 0 | |a Mechanics |x History. |
| 830 | 0 | |a Monographs and textbooks on mechanics of solids and fluids. Mechanics: Genesis and method | |
| 852 | |a INST |b SAMOS |e 20000822 |h 531.09 DUH |p 005300018988 |q 005300018988 |t BK |y 0 | ||
| 901 | |a BIBL3-2000-2 | ||
| 909 | |a Σ |b 080796 | ||
| 922 | |a 3ΕΛΗ |b 200007 |c ΤΜΗΜΑ ΜΑΘΗΜΑΤΙΚΩΝ |d ΠΑΠΑΣΩΤΗΡΙΟΥ | ||
| 950 | |a 116-2000-01-19 | ||
| 970 | |a ΚΟΣΙΕΡΗΣ |b ΧΡΗΣΤΟΣ |z 2000/08/23 | ||